| 000 | 01777cam a22004094a 4500 | ||
|---|---|---|---|
| 001 | 115433 | ||
| 005 | 20230410103914.0 | ||
| 008 | 041021s2005 txuab b 001 0 eng | ||
| 035 | _a13757813 | ||
| 010 | _a 2004025106 | ||
| 020 | _a0292706359 (hardcover : alk. paper) | ||
| 020 | _a0292706804 (pbk. : alk. paper) | ||
| 040 |
_aDLC _cDLC _dDLC |
||
| 042 | _apcc | ||
| 043 |
_aa-sy--- _ae-fr--- |
||
| 050 | 1 | 4 |
_a432 DS 98 _bP969g 2005 |
| 082 | 0 | 0 | _a956.9104 |
| 100 | 1 |
_aProvence, Michael, _d1966- |
|
| 245 | 1 | 4 |
_aThe great Syrian revolt and the rise of Arab nationalism / _cMichael Provence. |
| 260 |
_aAustin : _bUniversity of Texas Press, _cc2005. |
||
| 300 |
_axii, 209 p. : _bill., maps ; _c24 cm. |
||
| 490 | 1 | _aModern Middle East series, no. 22 | |
| 520 | _a"A history of the largest and longest-lasting people's revolt in the Arab East, which attempted to liberate Syria from French Mandate rule in 1925"--Provided by publisher. | ||
| 504 | _aIncludes bibliographical references (p. [191]-204) and index. | ||
| 505 | 0 | _aIntroduction -- The Hawrn frontier -- Mobilizing the mountain -- Mobilizing the city -- The spread of rebellion -- The politics of rebellion --Epilogue and conclusions. | |
| 651 | 0 |
_aSyria _xHistory _yInsurrection, 1925-1927. |
|
| 650 | 0 |
_aMandates _zSyria. |
|
| 650 | 0 |
_aFrench _zSyria. |
|
| 650 | 4 |
_aMandatos _zSiria. |
|
| 650 | 4 |
_aFrenacés _zSiria. |
|
| 830 | 0 |
_aModern Middle East series (Austin, Tex.) ; _vno. 22. |
|
| 856 | 4 | 2 |
_3Publisher description _uhttp://www.loc.gov/catdir/description/texas051/2004025106.html |
| 856 | 4 | 1 |
_3Table of contents _uhttp://www.loc.gov/catdir/toc/ecip052/2004025106.html |
| 856 | 4 | 2 |
_3Book review (H-Net) _uhttp://www.h-net.org/review/hrev-a0f5p4-aa |
| 942 |
_2lcc _cbk |
||
| 946 | _arsfv | ||
| 999 |
_c28165 _d28165 |
||